| 000 | 00592 a2200205 4500 | ||
|---|---|---|---|
| 999 |
_c9006 _d9006 |
||
| 020 | _a0702119806 | ||
| 050 | _aKTL1846 ELL 1987 | ||
| 100 |
_aElliott, R. C. (Russell Caldwell), _d1899- _eeditor |
||
| 245 |
_a Elliot, the South African notary / _cby M.J. Lowe [and others]. |
||
| 264 |
_aCape Town : _bJuta, _c1987 |
||
| 300 | _alv, 411 pages | ||
| 500 | _alncludes index | ||
| 650 | _a Notaries -- Law and legislation. | ||
| 650 | _a Notaries. | ||
| 700 | _aDale, M.O | ||
| 700 | _aKock, A DE | ||
| 700 | _aFroneman, S.L | ||
| 700 | _aLang, A J G | ||
| 942 |
_2lcc _cBK _h1846 _iELL _kKTL |
||